00401nam a22001337a 4500999001500000082001500015100002000030245003100050260003800081300000900119700002900128942000700157952010300164 c4601d4601 a331.7bALW aAlwis, Lakshman aCareer guidance hand book/ aColombo:bRotary club of colombo, a173p aEdited- Emmanuel, M.P.R. cBK 0010708NFICaMLCampusbMLCampuscGENd2018-07-15l0o331.7 ALWp000875r2018-07-15 00:00:00yREF